000 00720nas a2200265 4500
001 BR7503189
003 BR-BrBNA
005 20231205082835.0
007 ta
008 230509b bl.|||p| |||| 00| 00por d
040 _aBR-BrBNA
_bpor
_cBiblioteca Nacional de Agricultura
041 _a(Pt)
072 _aH20
100 1 _aAnon.
245 1 _aDoencas do arroz [Rio Grande do Sul, Brasil]
650 _aCERCOSPORIOSE
650 _aMANCHA PARDA
650 _aBRUSONE
650 _aFUNGO
650 _aARROZ IRRIGADO
650 _aRIO GRANDE DO SUL
773 0 _tGranja (Brazil)
_xISSN 0367-505X
_g(Apr 1975), v. 31(527) p. 42-44
_wBR7503189
909 _a202311
_bLúcia
_c55
_dLúcia Elande
942 _2AGRIS
_n0
_cANA
999 _c94564
_d94564